=LDR 00000nam 2200000 4500 =001 INLIS000000000005401 =005 20130612093640 =008 ***********************************Ind** =035 ##$$0010-061300000005401 =041 ##$$a Ind =082 ##$$a 636.085 =090 ##$$a 636.085, Pri b =100 ##$$a PRIYAMBODO K =245 ##$$a Budidaya pakan alami untuk ikan, Priyambodo K., Tri Wahyuningsih =260 ##$$a 2001 $b Jakarta =300 ##$$a viii, 64 hlm., ilus., 21 cm =650 ##$$a Makanan Ikan =700 ##$$a Wahyuningsih, Tri =850 ##$$a NBPNMAT =990 ##$$a 0001/BPAP-NTB/2016